[Event "Barbera del Valles op 42nd"]
[Site "Barbera del Valles"]
[Date "2019.07.06"]
[Round "3"]
[White "Moskalenko, Viktor"]
[Black "Subramanian, Aditya"]
[Result "1-0"]
[WhiteElo "2500"]
[BlackElo "2198"]
[PlyCount "63"]
[EventDate "2019.07.04"]
[EventType "swiss"]
[EventRounds "9"]
[EventCountry "ESP"]
[SourceTitle "EXT 2020"]
[Source "ChessBase"]
[SourceDate "2019.10.17"]
[SourceVersion "1"]
[SourceVersionDate "2019.10.17"]
[SourceQuality "1"]

1. d4 Nf6 2. c4 e6 3. Nc3 Bb4 4. e3 0-0 5. a3 Bxc3+ 6. bxc3 c5 7. Bd3 b6 8. e4 Bb7 9. f3 Nh5 10. Nh3 f5 11. 0-0 Nc6 12. exf5 exf5 13. Bg5 Qc7 14. d5 Na5 15. Be7 Nf4 16. Nxf4 Qxf4 17. Bxf8 Rxf8 18. Qe2 b5 19. cxb5 c4 20. Bc2 Bxd5 21. Rad1 Be6 22. Qd2 Qe5 23. a4 Nb3 24. Qe1 Qc7 25. f4 Qa5 26. g4 Nc5 27. gxf5 Bxf5 28. Bxf5 Rxf5 29. Rd5 Nd3 30. Qe3 Rf7 31. Rxd7 Qxc3 32. Rd8+ 1-0

[Event "Barbera del Valles op 42nd"]
[Site "Barbera del Valles"]
[Date "2019.07.04"]
[Round "1"]
[White "Kshatriya, Nitin Vekhande"]
[Black "Subramanian, Aditya"]
[Result "0-1"]
[WhiteElo "1769"]
[BlackElo "2198"]
[PlyCount "132"]
[EventDate "2019.07.04"]
[EventType "swiss"]
[EventRounds "9"]
[EventCountry "ESP"]
[SourceTitle "CBM 191 Extra"]
[Source "ChessBase"]
[SourceDate "2019.09.30"]
[SourceVersion "1"]
[SourceVersionDate "2019.09.30"]
[SourceQuality "1"]

1. e4 e5 2. Nf3 Nc6 3. Bb5 g6 4. c3 a6 5. Ba4 Bg7 6. d3 Nge7 7. 0-0 0-0 8. d4 exd4 9. Nxd4 b5 10. Bc2 Bb7 11. f4 Nxd4 12. cxd4 Nc6 13. Be3 Nb4 14. Nd2 Nxc2 15. Qxc2 Rc8 16. b4 Qe7 17. a3 d6 18. Rae1 Rfe8 19. Bf2 Qd7 20. h3 f5 21. exf5 gxf5 22. Kh2 Qc6 23. Qxc6 Bxc6 24. g4 Bd5 25. Kg3 h6 26. Rg1 Kf7 27. Nf3 fxg4 28. hxg4 a5 29. Nh4 Be4 30. f5 axb4 31. axb4 Ra8 32. Kf4 Bd5 33. Ng6 Ra3 34. Rg3 Rxg3 35. Kxg3 Rxe1 36. Bxe1 Bxd4 37. Bd2 c5 38. bxc5 dxc5 39. Bxh6 b4 40. Nf4 b3 41. g5 Be4 42. g6+ Kg8 43. f6 Bxf6 44. Nh5 Be5+ 45. Bf4 Bxf4+ 46. Kxf4 Bxg6 47. Nf6+ Kh8 48. Nd5 b2 49. Nc3 b1Q 50. Nxb1 Bxb1 51. Ke5 c4 52. Kd4 Bd3 53. Kc3 Kg7 54. Kd2 Kf6 55. Kd1 Ke5 56. Kc1 Kd4 57. Kd2 c3+ 58. Kd1 c2+ 59. Kd2 Ke4 60. Kc1 Ke3 61. Kb2 Kd2 62. Kb3 c1Q 63. Kb4 Qc4+ 64. Ka3 Bc2 65. Kb2 Qb3+ 66. Ka1 Qb1# 0-1

[Event "SWE-chT 1819 Superettan"]
[Site "Sweden"]
[Date "2019.03.29"]
[Round "7"]
[White "Olofsson Dolk, Mattis"]
[Black "Subramanian, Aditya"]
[Result "1-0"]
[WhiteElo "2172"]
[BlackElo "2169"]
[PlyCount "95"]
[EventDate "2018.11.09"]
[EventType "team-tourn"]
[EventRounds "9"]
[EventCountry "SWE"]
[SourceTitle "EXT 2020"]
[Source "ChessBase"]
[SourceDate "2019.10.17"]
[SourceVersion "1"]
[SourceVersionDate "2019.10.17"]
[SourceQuality "1"]
[WhiteTeam "Vaxjo"]
[BlackTeam "Kristallen"]
[WhiteTeamCountry "SWE"]
[BlackTeamCountry "SWE"]

1. e4 e5 2. Nf3 Nc6 3. Bb5 g6 4. c3 a6 5. Ba4 Bg7 6. 0-0 Nge7 7. d4 b5 8. Bb3 d6 9. h3 0-0 10. Be3 exd4 11. cxd4 Na5 12. Nc3 b4 13. Ne2 d5 14. e5 Bd7 15. Qd2 Bb5 16. Rfe1 Nf5 17. Qxb4 c5 18. dxc5 Nxe3 19. fxe3 Nc6 20. Qf4 Qe7 21. Nc3 Nxe5 22. Nxd5 Nxf3+ 23. Qxf3 Qxc5 24. a4 Bd3 25. Rac1 Qa7 26. Red1 Bf5 27. Rc7 Qb8 28. Ne7+ Kh8 29. Rb7 Qe8 30. Nxf5 gxf5 31. Bxf7 Qxa4 32. Bb3 Qh4 33. Rdd7 Qe1+ 34. Qf1 Qxe3+ 35. Kh1 Rg8 36. Bxg8 Rxg8 37. Qd1 Qg5 38. Qd2 h6 39. Qxg5 hxg5 40. Ra7 g4 41. hxg4 fxg4 42. g3 Kh7 43. Kg2 Kg6 44. Rxa6+ Kf5 45. Rd5+ Ke4 46. Rg5 Rb8 47. Rxg4+ Ke3 48. Rxg7 1-0

[Event "SWE-chT 1819 Superettan"]
[Site "Sweden"]
[Date "2018.11.10"]
[Round "2"]
[White "Subramanian, Aditya"]
[Black "Andersson, Fredrik1111"]
[Result "0-1"]
[WhiteElo "2169"]
[BlackElo "2287"]
[PlyCount "115"]
[EventDate "2018.11.09"]
[EventType "team-tourn"]
[EventRounds "9"]
[EventCountry "SWE"]
[SourceTitle "EXT 2020"]
[Source "ChessBase"]
[SourceDate "2019.10.17"]
[SourceVersion "1"]
[SourceVersionDate "2019.10.17"]
[SourceQuality "1"]
[WhiteTeam "Kristallen"]
[BlackTeam "Kungstornet"]
[WhiteTeamCountry "SWE"]
[BlackTeamCountry "SWE"]

1. Nf3 Nf6 2. c4 g6 3. d4 Bg7 4. g3 0-0 5. Bg2 d6 6. 0-0 Nbd7 7. Nc3 e5 8. b3 Re8 9. e4 exd4 10. Nxd4 Nc5 11. Re1 Ng4 12. Bb2 Ne5 13. Re3 c6 14. Qd2 Qb6 15. h3 a5 16. Rd1 a4 17. Qc2 axb3 18. axb3 Ned7 19. Nce2 Ra2 20. Qb1 Ra8 21. Bc3 Nf8 22. b4 Ncd7 23. Qb3 Bh6 24. Nf4 Ne5 25. Re2 Bg7 26. Nc2 Be6 27. Nxe6 Nxe6 28. Ne3 Nc5 29. Qc2 Na4 30. Be1 Red8 31. f4 Nxc4 32. Qxc4 Nb2 33. Rxb2 Bxb2 34. Bf2 Qa6 35. Qxa6 Rxa6 36. Be1 Ra1 37. Kf1 Rxd1 38. Nxd1 Bd4 39. Bc3 Bxc3 40. Nxc3 Ra8 41. Ke2 Kf8 42. Kd3 Ra1 43. Bf3 Rf1 44. Bg4 Ke7 45. Bc8 Rf3+ 46. Kd2 Rxg3 47. Ne2 Rb3 48. Bxb7 c5 49. Nc3 cxb4 50. Nd5+ Kd8 51. Ba6 Rxh3 52. Nxb4 h5 53. Bc4 Ke8 54. Nd3 f6 55. Ke2 g5 56. fxg5 fxg5 57. Nf2 Rg3 58. Be6 0-1

[Event "Vasteras op"]
[Site "Vasteras"]
[Date "2018.09.28"]
[Round "3"]
[White "Malmstig, Erik"]
[Black "Subramanian, Aditya"]
[Result "1/2-1/2"]
[WhiteElo "2309"]
[BlackElo "2151"]
[PlyCount "130"]
[EventDate "2018.09.28"]
[EventType "swiss"]
[EventRounds "8"]
[EventCountry "SWE"]
[SourceTitle "CBM 186 Extra"]
[Source "ChessBase"]
[SourceDate "2018.08.24"]
[SourceVersion "1"]
[SourceVersionDate "2018.08.24"]
[SourceQuality "1"]

1. d4 Nf6 2. Bg5 d5 3. Bxf6 gxf6 4. e3 c5 5. Nd2 Nc6 6. dxc5 e6 7. Nb3 Bxc5 8. Nxc5 Qa5+ 9. c3 Qxc5 10. Qh5 Bd7 11. 0-0-0 Ne5 12. Qh4 Qe7 13. f4 Nc4 14. Bxc4 dxc4 15. f5 Rg8 16. Nf3 e5 17. Qxh7 0-0-0 18. Qh4 Rxg2 19. Qxc4+ Kb8 20. Qf1 Rgg8 21. Nd2 Bc6 22. Rg1 Qc5 23. Qe2 e4 24. Nb3 Rxd1+ 25. Rxd1 Qxf5 26. Nd4 Qd5 27. c4 Qc5 28. Rf1 Bd7 29. b3 Qe5 30. Qf2 f5 31. Kb1 Rh8 32. h4 a6 33. Rh1 f4 34. exf4 e3 35. fxe5 exf2 36. e6 Rxh4 37. Rf1 Rxd4 38. exd7 Rxd7 39. Rxf2 Kc7 40. Kc2 Kc6 41. Kc3 Re7 42. Rf6+ Kc7 43. a4 a5 44. c5 Re6 45. Rxf7+ Kc6 46. Kd4 Rh6 47. Rf4 b6 48. cxb6 Kxb6 49. Kc3 Rh3+ 50. Kc4 Rh6 51. Rf5 Rc6+ 52. Kd3 Rd6+ 53. Kc3 Rc6+ 54. Kb2 Rh6 55. Ka3 Rg6 56. Rf8 Rc6 57. Rb8+ Ka7 58. Rb5 Ka6 59. Rg5 Rh6 60. Rg4 Rf6 61. Rc4 Rh6 62. Rc5 Rg6 63. Rb5 Rh6 64. b4 axb4+ 65. Kxb4 Rh4+ 1/2-1/2

[Event "Deltalift op"]
[Site "Tylosand"]
[Date "2018.05.12"]
[Round "7"]
[White "Kucuksari, Kaan"]
[Black "Subramanian, Aditya"]
[Result "1-0"]
[WhiteElo "2264"]
[BlackElo "2123"]
[PlyCount "76"]
[EventDate "2018.05.10"]
[EventType "swiss"]
[EventRounds "8"]
[EventCountry "SWE"]
[SourceTitle "CBM 184 Extra"]
[Source "ChessBase"]
[SourceDate "2018.06.28"]
[SourceVersion "1"]
[SourceVersionDate "2018.06.28"]
[SourceQuality "1"]

1. d4 Nf6 2. Nf3 d5 3. c4 e6 4. g3 Be7 5. Bg2 0-0 6. 0-0 dxc4 7. Qa4 a6 8. Qxc4 b5 9. Qc2 Bb7 10. Bd2 Be4 11. Qc1 c6 12. Rd1 Nbd7 13. Nc3 Bg6 14. a3 Rc8 15. b4 Nd5 16. Be1 h6 17. Qb2 N5b6 18. e4 Nc4 19. Qa2 Bh5 20. Rdc1 Nf6 21. Nd2 Qxd4 22. Nxc4 bxc4 23. Na4 Nd7 24. Rxc4 Qd3 25. Qc2 Ne5 26. Qxd3 Nxd3 27. Bf1 Ne5 28. Rc2 Nf3+ 29. Kg2 Nd4 30. Rc3 Bf6 31. Ra2 Rfd8 32. Bxa6 Ra8 33. Nc5 Nb5 34. Rc1 Bd4 35. Nb7 Rdc8 36. Nc5 Rcb8 37. a4 Nc3 38. Rxc3 Rxb4 1-0

[Event "Nova Gorica op 23rd"]
[Site "Nova Gorica"]
[Date "2018.01.26"]
[Round "1"]
[White "Tica, Sven"]
[Black "Subramanian, Aditya"]
[Result "1-0"]
[WhiteElo "2441"]
[BlackElo "2133"]
[PlyCount "77"]
[EventDate "2018.01.26"]
[EventType "swiss"]
[EventRounds "9"]
[EventCountry "SLO"]
[SourceTitle "CBM 182 Extra"]
[Source "ChessBase"]
[SourceDate "2018.02.23"]
[SourceVersion "1"]
[SourceVersionDate "2018.02.23"]
[SourceQuality "1"]

1. d4 Nf6 2. c4 e6 3. g3 d5 4. Bg2 Be7 5. Nf3 0-0 6. Qc2 c5 7. 0-0 cxd4 8. Nxd4 e5 9. Nf5 d4 10. Nxe7+ Qxe7 11. b4 Be6 12. a3 Nc6 13. Nd2 Rac8 14. Bb2 Qd7 15. Rfd1 Bg4 16. Nb3 Bf5 17. Qd2 Qe7 18. b5 Nd8 19. a4 Re8 20. Ba3 Qc7 21. Rac1 Ne6 22. c5 Be4 23. Bb4 Bxg2 24. Kxg2 Qd7 25. Kg1 Nd5 26. e4 Nxb4 27. Qxb4 Ng5 28. Nd2 Qg4 29. Re1 Re6 30. c6 Rf6 31. cxb7 Nh3+ 32. Kg2 Rxf2+ 33. Kh1 Re8 34. Qe7 Rb8 35. Qxe5 h5 36. Qxb8+ Kh7 37. Qc8 Rxd2 38. Qxg4 hxg4 39. Rf1 1-0

[Event "SWE-chT2 1617"]
[Site "Sweden"]
[Date "2016.10.14"]
[Round "1.1"]
[White "Subramanian, Aditya"]
[Black "Cederberg, Karl Olof"]
[Result "0-1"]
[WhiteElo "2027"]
[BlackElo "2204"]
[PlyCount "48"]
[EventDate "2016.10.14"]
[EventType "team-tourn"]
[EventRounds "9"]
[EventCountry "SWE"]
[SourceTitle "EXT 2017"]
[Source "ChessBase"]
[SourceDate "2016.10.25"]
[SourceVersion "1"]
[SourceVersionDate "2016.10.25"]
[SourceQuality "1"]
[WhiteTeam "Orgryte"]
[BlackTeam "Upsala"]
[WhiteTeamCountry "SWE"]
[BlackTeamCountry "SWE"]

1. Nf3 d6 2. d4 Nf6 3. c4 Nc6 4. Nc3 Bg4 5. d5 Ne5 6. Nxe5 dxe5 7. Qa4+ Bd7 8. Qb3 e6 9. Bg5 exd5 10. Nxd5 c6 11. Nxf6+ gxf6 12. Bd2 Qc7 13. Qg3 Be7 14. Qc3 0-0-0 15. Be3 Kb8 16. g3 h5 17. Bg2 h4 18. Rd1 Be6 19. Rxd8+ Qxd8 20. b4 hxg3 21. hxg3 Rxh1+ 22. Bxh1 Qh8 23. Bg2 Qh7 24. Qb3 Qh2 0-1

[Event "Hasselbacken op"]
[Site "Stockholm"]
[Date "2016.05.02"]
[Round "3"]
[White "Jacobs, Florian"]
[Black "Subramanian, Aditya"]
[Result "1-0"]
[WhiteElo "2229"]
[BlackElo "2002"]
[PlyCount "83"]
[EventDate "2016.04.30"]
[EventType "swiss"]
[EventRounds "9"]
[EventCountry "SWE"]
[SourceTitle "CBM 172 Extra"]
[Source "ChessBase"]
[SourceDate "2016.06.21"]
[SourceVersion "1"]
[SourceVersionDate "2016.06.21"]
[SourceQuality "1"]

1. d4 Nf6 2. c4 e6 3. Nf3 d5 4. Nc3 Bb4 5. cxd5 exd5 6. Qa4+ Nc6 7. Bg5 h6 8. Bxf6 Qxf6 9. e3 0-0 10. Be2 a6 11. 0-0 Be6 12. Rfc1 Bd6 13. Qd1 Ne7 14. Na4 Rad8 15. Nc5 Bc8 16. Qb3 Bxc5 17. Rxc5 c6 18. Qb6 Nf5 19. b4 Nd6 20. a4 Bg4 21. b5 Ne4 22. Rc2 Qf5 23. Rac1 cxb5 24. axb5 Rd6 25. Qxb7 Rg6 26. Kf1 Bh3 27. gxh3 Qxh3+ 28. Ke1 Qg2 29. Bd1 Qh1+ 30. Ke2 Qg2 31. Kd3 Nxf2+ 32. Rxf2 Qxf2 33. Rc2 Qf1+ 34. Be2 Qa1 35. Ne5 Re6 36. Qxd5 axb5 37. Qxb5 Qg1 38. Qd7 Qg5 39. Rc8 Rxc8 40. Qxf7+ Kh7 41. Qxe6 Ra8 42. Bg4 1-0

[Event "Vaxjo op"]
[Site "Vaxjo"]
[Date "2016.02.21"]
[Round "8"]
[White "Subramanian, Aditya"]
[Black "Henriksson, Johan"]
[Result "0-1"]
[WhiteElo "1963"]
[BlackElo "2252"]
[PlyCount "122"]
[EventDate "2016.02.19"]
[EventType "swiss"]
[EventRounds "8"]
[EventCountry "SWE"]
[SourceTitle "CBM 170 Extra"]
[Source "ChessBase"]
[SourceDate "2016.02.25"]
[SourceVersion "1"]
[SourceVersionDate "2016.02.25"]
[SourceQuality "1"]

1. Nf3 d5 2. c4 e6 3. b3 dxc4 4. bxc4 b6 5. g3 Bb7 6. Bg2 Nf6 7. 0-0 Be7 8. Bb2 0-0 9. e3 c5 10. Qe2 Nc6 11. Rd1 Qc7 12. Nc3 Rac8 13. Rac1 Rfd8 14. d4 a6 15. d5 Na5 16. e4 e5 17. Nb1 Bd6 18. Ne1 Re8 19. Nd3 b5 20. Nd2 Qb6 21. cxb5 axb5 22. Nf3 Nc4 23. Rxc4 bxc4 24. Ndxe5 Nxe4 25. Nxc4 Ba6 26. Qxe4 Bxc4 27. Qc2 Re2 28. Qf5 Rce8 29. Bc3 Bf8 30. Bf1 g6 31. Qf6 Qxf6 32. Bxf6 Bd6 33. Bxe2 Rxe2 34. a3 Kf8 35. Rd2 Rxd2 36. Nxd2 Bxd5 37. Kf1 c4 38. Bb2 Ke7 39. Ke1 Bc5 40. Nf1 Kd6 41. Ne3 Be6 42. Kd2 Bb6 43. Bc3 Kc5 44. Bb4+ Kb5 45. Kc3 Bd8 46. Kc2 Bf6 47. Bd6 Bd4 48. Bb4 h6 49. Bf8 h5 50. h4 Bf5+ 51. Nxf5 gxf5 52. f3 Be5 53. Be7 Bxg3 54. Bf6 Bd6 55. Kb2 Bc5 56. Bg5 Bd4+ 57. Kc2 f6 58. Bd2 Bf2 59. Kc3 Bxh4 60. a4+ Kxa4 61. Kxc4 Bg3 0-1